Countries recognized by Ukraine - Statistics

General Stats
  • This quiz has been taken 50 times
  • The average score is 139 of 184
Answers on the Map
Answers color-coded by a green-red scale on the quiz's map according to % correct below.
 
Answer Stats
Country % Correct
France
91%
Greece
91%
Austria
87%
Belarus
87%
Bulgaria
87%
China
87%
Estonia
87%
Germany
87%
Hungary
87%
Italy
87%
Latvia
87%
Lithuania
87%
Montenegro
87%
North Macedonia
87%
Poland
87%
Portugal
87%
Romania
87%
Serbia
87%
Slovenia
87%
Sweden
87%
Switzerland
87%
United States
87%
Albania
83%
Azerbaijan
83%
Bangladesh
83%
Belgium
83%
Bosnia and Herzegovina
83%
Brazil
83%
Cambodia
83%
Canada
83%
Croatia
83%
Czech Republic
83%
Denmark
83%
Egypt
83%
Finland
83%
India
83%
Luxembourg
83%
Moldova
83%
Mongolia
83%
Morocco
83%
Slovakia
83%
South Sudan
83%
Spain
83%
Sudan
83%
Tajikistan
83%
Thailand
83%
Turkey
83%
Turkmenistan
83%
United Kingdom
83%
Uzbekistan
83%
Vietnam
83%
Afghanistan
78%
Algeria
78%
Andorra
78%
Angola
78%
Argentina
78%
Armenia
78%
Bolivia
78%
Botswana
78%
Cameroon
78%
Central African Republic
78%
Costa Rica
78%
Dem. Rep. of the Congo
78%
Eswatini
78%
Gambia
78%
Georgia
78%
Guatemala
78%
Guinea
78%
Guyana
78%
Honduras
78%
Indonesia
78%
Iran
78%
Iraq
78%
Israel
78%
Kazakhstan
78%
Kyrgyzstan
78%
Lesotho
78%
Libya
78%
Liechtenstein
78%
Mexico
78%
Mozambique
78%
Nepal
78%
Netherlands
78%
Norway
78%
Pakistan
78%
Paraguay
78%
Peru
78%
Republic of the Congo
78%
Senegal
78%
South Africa
78%
Uganda
78%
Uruguay
78%
Venezuela
78%
Yemen
78%
Zimbabwe
78%
Australia
74%
Bahrain
74%
Belize
74%
Benin
74%
Chad
74%
Colombia
74%
Cuba
74%
Dominican Republic
74%
Ecuador
74%
El Salvador
74%
Eritrea
74%
Ethiopia
74%
Guinea Bissau
74%
Haiti
74%
Iceland
74%
Ivory Coast
74%
Japan
74%
Jordan
74%
Kenya
74%
Laos
74%
Lebanon
74%
Liberia
74%
Malaysia
74%
Malta
74%
Mauritania
74%
Monaco
74%
Namibia
74%
Nicaragua
74%
Niger
74%
Nigeria
74%
Oman
74%
Panama
74%
Qatar
74%
Saudi Arabia
74%
South Korea
74%
Suriname
74%
Tanzania
74%
Tunisia
74%
Ukraine
74%
Zambia
74%
Burkina Faso
70%
Cape Verde
70%
Chile
70%
Cyprus
70%
Dominica
70%
Equatorial Guinea
70%
Gabon
70%
Ghana
70%
Jamaica
70%
Kuwait
70%
Mali
70%
Myanmar
70%
New Zealand
70%
Philippines
70%
Rwanda
70%
San Marino
70%
Sierra Leone
70%
Solomon Islands
70%
Bahamas
65%
Barbados
65%
Djibouti
65%
Fiji
65%
Ireland
65%
Madagascar
65%
Malawi
65%
Samoa
65%
Sri Lanka
65%
Trinidad and Tobago
65%
United Arab Emirates
65%
Vanuatu
65%
Vatican City
65%
Antigua and Barbuda
61%
Burundi
61%
Comoros
61%
Fed. States of Micronesia
61%
Maldives
61%
Marshall Islands
61%
Mauritius
61%
Singapore
61%
St. Kitts and Nevis
61%
St. Vincent and Grenadines
61%
Togo
61%
Brunei
57%
East Timor
57%
São Tomé and Príncipe
57%
Seychelles
57%
St. Lucia
57%
Tuvalu
57%
Grenada
52%
No matching quizzes found
Score Distribution
Percent of People with Each Score
Percentile by Number Answered
Your Score History
You have not taken this quiz